Tableau périodique des éléments- Lanthanide - Statistiques

Statistiques générales
  • Ce quiz a été pris 83 fois
  • Le résultat moyen est 10 sur 15
Statistiques - réponses
Lanthanides % Correct
Lanthane
97%
Praséodyme
79%
Néodyme
74%
Cérium
71%
Europium
66%
Dysprosium
63%
Erbium
63%
Prométhium
63%
Samarium
63%
Holmium
61%
Terbium
61%
Ytterbium
61%
Gadolinium
55%
Thulium
53%
Lutétium
42%
Aucun quiz correspondant
Distribution des résultats
% des personnes avec chaque résultat
Percentile par nombre de réponses
Votre historique - résultats
Vous n’avez pas pris ce quiz